000 00747nam a2200229Ia 4500
003 GCL
008 140319s9999 xx 000 0 ara d
040 _aGCL /
_cGCL
082 0 4 _a657
_bك ا
100 1 _aليرنر، ج . جويل
245 1 0 _aنظريات ومسائل فى اصول المحاسبة /
_cليرنر، ج . جويل
700 1 _aجميس ا. كاشين
250 _aالثانية
260 _aنيويورك :
_bماجروهيل للنشر ،
_c1983
300 _aمتعدد ؛
_c26 سم
490 _aسلسلة شوم فى المحاسبة
_v0
650 0 4 _aالمحاسبة
650 0 4 _aالمحاسبة الادارية
650 0 4 _aضرائب الدخل
650 0 4 _aالتكاليف
942 _2ddc
_cBK
999 _c54216
_d54216